|
|
|
|
| LEADER |
00000cam a2200000 7i4500 |
| 001 |
0000001133 |
| 005 |
20140108.0 |
| 020 |
0 |
0 |
|a 9831000927
|
| 090 |
0 |
0 |
|a 344.595018
|b SIT 2000
|
| 100 |
0 |
0 |
|a SITI Zaharah jamaluddin
|
| 245 |
1 |
0 |
|a Pengenalan kepada undang-undang perhubungan perusahaan di Malaysia
|c Siti Zaharah Jamaluddin
|
| 260 |
0 |
0 |
|a Kuala Lumpur :
|b Penerbit Universiti Malaya ,
|c 2000
|
| 300 |
|
|
|a xxvi, 250 p. ;
|c 23 cm.
|
| 500 |
0 |
0 |
|a Bibliography : [p. 241] and index
|
| 650 |
0 |
0 |
|a Industrial laws and legislation
|z Malaysia
|
| 650 |
0 |
0 |
|a Labour laws and legislation
|z Malaysia
|
| 998 |
|
|
|a JPSM
|
| 999 |
|
|
|a 0000002114
|b Monograph
|c Open Shelf
|e Default branch
|